Science Encyclopedia-2 / (Record no. 35886)
[ view plain ]
| 000 -LEADER | |
|---|---|
| fixed length control field | 00480nam a22001697a 4500 |
| 005 - DATE AND TIME OF LATEST TRANSACTION | |
| control field | 20240610154719.0 |
| 008 - FIXED-LENGTH DATA ELEMENTS--GENERAL INFORMATION | |
| fixed length control field | 240610b |||||||| |||| 00| 0 eng d |
| 020 ## - INTERNATIONAL STANDARD BOOK NUMBER | |
| ISBN | 9789695900680 |
| 082 ## - DEWEY DECIMAL CLASSIFICATION NUMBER | |
| Classification number | 590.3 |
| Item number | SCI |
| 245 ## - TITLE STATEMENT | |
| Title | Science Encyclopedia-2 / |
| Statement of responsibility, etc. | Govt.of the Punjab . |
| 250 ## - EDITION STATEMENT | |
| Edition statement | 1st ed. |
| 260 ## - PUBLICATION, DISTRIBUTION, ETC. | |
| Place of Publication | Pakistan : |
| Name of publisher, distributor, etc. | Taleem Publisher ; |
| Date of publication, distribution, etc. | 2011 . |
| 300 ## - PHYSICAL DESCRIPTION | |
| Pages | 63 p . |
| 500 ## - GENERAL NOTE | |
| General note | Glossary is given . |
| 650 ## - SUBJECT ADDED ENTRY--TOPICAL TERM | |
| Subject / Department | Encyclopedia/General Science |
| 300 ## - PHYSICAL DESCRIPTION | |
| -- | ill ; |
| -- | 28.5 cm . |
| 952 ## - LOCATION AND ITEM INFORMATION (KOHA) | |
| -- | 0 |
| -- | 0 |
| 952 ## - LOCATION AND ITEM INFORMATION (KOHA) | |
| -- | 0 |
| -- | 0 |
| Lost status | Damaged status | Collection code | Permanent Location | Current Location | Shelving Location | Date acquired | Full Call Number | Accession No./Barcode | Date last seen | Copy number | item type | Koha item type |
|---|---|---|---|---|---|---|---|---|---|---|---|---|
| Science | Superior Information Resource Center (SIRC) Superior University- Main Campus | Superior Information Resource Center (SIRC) Superior University- Main Campus | Reference | 06/10/2024 | 590.3 SCI 2011 | 29404 | 06/10/2024 | 1 | BOOK | BOOK | ||
| Science | Superior Information Resource Center (SIRC) Superior University- Main Campus | Superior Information Resource Center (SIRC) Superior University- Main Campus | Reference | 06/10/2024 | 590.3 SCI 2011 | 29405 | 04/15/2026 | 2 | BOOK | BOOK |
